25 Italian provinces with most towns - Statistics

General Stats
  • This quiz has been taken 121 times
  • The average score is 17 of 25
Answer Stats
# Number of towns First letter of the region Answer % Correct
1 315 P Torino
93%
13 134 L Milano
89%
2 250 P Cuneo
85%
14 121 L Roma
83%
4 205 L Brescia
82%
3 242 L Bergamo
81%
5 190 P Alessandria
80%
22 104 V Padova
79%
6 188 L Pavia
75%
7 177 T Trento
74%
12 135 F Udine
74%
10 154 L Como
71%
8 158 C Salerno
68%
11 139 L Varese
68%
16 118 P Asti
67%
9 155 C Cosenza
65%
15 121 V Vicenza
63%
25 100 B Potenza
62%
18 116 T Bolzano
61%
19 115 L Cremona
61%
23 104 C Caserta
59%
17 118 C Avellino
56%
21 108 S Messina
53%
20 108 A L'Aquila
51%
24 104 A Chieti
46%
No matching quizzes found
Score Distribution
Percent of People with Each Score
Percentile by Number Answered
Your Score History
You have not taken this quiz